000 00508nam a2200193Ia 4500
005 20250423095848.0
008 250422s9999 xx 000 0 und d
020 _a0-321-64388-7
050 _aQA 300 .H328/
100 _aHaeussler, F. Ernest Jr.
245 0 _aIntroductory mathematical analysis : for business, economics, and the life and social sciences
250 _a13th ed.
260 _aBoston
260 _bPearson
260 _c2011
300 _a811 p
650 _aBusiness
942 _cBK
999 _c31558
_d31558